000 00239nmm a2200085Ia 4500
008 220120s9999||||xx |||||||||||||||||und||
100 _aDigit
245 0 _aDigital creation software, 13 andi editing tools, 8 video ed
260 _aNine dot Nine
999 _c139921
_d139921